MIKROŠTRUKTÚRA PERMANENTNÝCH MAGNETOV SmCo5

Bibliographic Details
Main Author: Dománková, Mária, 1966- (Author)
Format: Article
Language:Slovak
ISBN:8022707821

MARC

LEADER 00000naa a2200000uu 4500
001 vtls010945765
003 SK-MaSNL
005 20260302121930.0
008 210910|1995 xo |||||||||||||||||slo|
015 |a SNBRA 
035 |a (urnnbn)urn:nbn:sk:snk:ar-a0bfie 
035 |a (uuid)92f49daf-3b45-4a80-b1c0-8905b456efdf 
035 |a urn:nbn:sk:snk-aau7op 
040 |a SNKBUCL  |b slo  |c SNKBUCL  |e AACR2 
041 0 |a slo 
044 |a xo  |c SK 
100 1 |a Dománková, Mária,  |d 1966-  |4 aut  |9 215570 
245 1 0 |a MIKROŠTRUKTÚRA PERMANENTNÝCH MAGNETOV SmCo5  |c Mária Dománková 
246 3 |a MICROSTRUCTURE OF SmCo5 PERMANENT MAGNETS 
773 0 |t Technológia '95  |d Bratislava : Slovenská technická univerzita, 1995  |g S. 29-31  |z 8022707821 
958 |a OND 
958 |a article11 
958 |a chapter 
999 |c 1275801  |d 1277731